00626nam a22002177a 450000500170000001000130001702000100003003500130004003700160005304000120006908200130008110000260009424500830012026000570020327000430026030000330030350000190033665000140035565000190036970000200038820170124110210.0 aB-024070 c00.00 aB-024070 bCen Lib/Ret aDPLbEN a339bMCC aMcConnell, Campbell R aIntroduction to macroeconomics /cby Campbell R McConnell [and] Harish C Gupta aNew DelhibTata McGraw-Hill Publishing Companyc1984 a7 West Patel Nagar bNew Delhie110008 axxii,584p. :c24cm(Hb)bill. aIncludes index aEconomics aMacroeconomics aGupta, Harish C